000
00229 a2200097 4500
020
_a
9789370980624
100
_a
P. K. Pokker
245
_a
Erikkin thee(എരിക്കിൻ തീ)
260
_b
D C books
_c
2025
942
_c
OO
999
_c
115336
_d
115335